| 000 | 01083nam a22003017a 4500 | ||
|---|---|---|---|
| 999 |
_c2761 _d2761 |
||
| 003 | AR-CdUCM | ||
| 008 | 190305b ||||| |||| 00| 0 spa d | ||
| 040 |
_aMUNICIPALIDAD PROVINCIAL DEL CUSCO _cBIBLIOTECA MUNICIPAL DEL CUSCO |
||
| 082 |
_a869.5038 / _bC7 |
||
| 245 |
_aLa costa en la narración peruana / _cElías Taxa Cuádroz. |
||
| 246 | _aAntología del cuento. | ||
| 260 |
_bContinental-Kontinental Verlag, _c[1967]. |
||
| 300 |
_a317 páginas ; _c21 cm. |
||
| 650 |
_aCuento peruano - Clección _99628 |
||
| 650 |
_aCuento - Antología - Perú _99629 |
||
| 650 |
_aCuentos descriptivos - Región de la costa _99630 |
||
| 650 |
_aCuentos costumbristas _91460 |
||
| 650 |
_aAutores peruanos _9731 |
||
| 700 |
_aTaxa Cuádroz, Elías (Presentación y selección) _99631 |
||
| 700 |
_aParra del Riego, Carlos _99632 |
||
| 700 |
_aBermejo, Vladimiro _91790 |
||
| 700 |
_aAlegría, Ciro _9807 |
||
| 700 |
_aDiez Canseco, José _98262 |
||
| 700 |
_aVargas Llosa, Mario _9483 |
||
| 700 |
_aValdelomar, Abraham ... y otros _99633 |
||
| 942 |
_2ddc _cLIBROS |
||
| 945 | _alccs | ||